[Event "NCA-chT final"]
[Site "Managua"]
[Date "2018.11.04"]
[Round "5.3"]
[White "Sanchez, Ramon"]
[Black "Rios, Edgard"]
[Result "1-0"]
[WhiteElo "1981"]
[BlackElo "1897"]
[PlyCount "105"]
[EventDate "2018.10.27"]
[EventType "team-tourn"]
[EventRounds "11"]
[EventCountry "NCA"]
[SourceTitle "EXT 2020"]
[Source "ChessBase"]
[SourceDate "2019.10.17"]
[SourceVersion "1"]
[SourceVersionDate "2019.10.17"]
[SourceQuality "1"]

1. c4 e5 2. Nc3 Nc6 3. g3 Bc5 4. Bg2 f5 5. e3 d6 6. Nge2 Nf6 7. 0-0 0-0 8. Na4 Bb6 9. a3 a5 10. Nxb6 cxb6 11. d4 e4 12. b3 d5 13. Bb2 Be6 14. Rc1 Qd7 15. Qd2 Ne7 16. Rfd1 Rfc8 17. c5 b5 18. Bf1 Nc6 19. b4 Ne8 20. Bc3 a4 21. Bb2 Nc7 22. Nc3 Na7 23. Rc2 Qf7 24. Be2 Bd7 25. Rf1 Bc6 26. f3 Qg6 27. f4 Rf8 28. Bd1 Rf6 29. Qe1 Raf8 30. Rg2 Qh6 31. h3 g5 32. g4 Rg6 33. gxf5 Rxf5 34. Bg4 Rf8 35. f5 Rg7 36. Ne2 Ne8 37. Bc3 Qf6 38. Ng3 Qh6 39. f6 Nxf6 40. Nf5 Qg6 41. Nxg7 Qxg7 42. Qg3 h6 43. Rgf2 Bd7 44. Rxf6 Rxf6 45. Rxf6 Bxg4 46. Qe5 Bh5 47. Qxd5+ Bf7 48. Qd8+ Kh7 49. d5 g4 50. h4 Bg8 51. Bd4 g3 52. Rd6 Nc6 53. Rxc6 1-0

[Event "Santo Domingo op11"]
[Site "Santo Domingo"]
[Date "2017.11.18"]
[Round "2"]
[White "Araujo Sanchez, Josue"]
[Black "Sanchez, Ramon"]
[Result "1-0"]
[WhiteElo "2051"]
[BlackElo "1894"]
[PlyCount "103"]
[EventDate "2017.11.17"]
[EventType "swiss"]
[EventRounds "8"]
[EventCountry "DOM"]
[SourceTitle "CBM 181 Extra"]
[Source "ChessBase"]
[SourceDate "2017.12.12"]
[SourceVersion "1"]
[SourceVersionDate "2017.12.12"]
[SourceQuality "1"]

1. e4 e5 2. Nf3 Nc6 3. Bc4 Bc5 4. c3 Nf6 5. d3 h6 6. b4 Bb6 7. a4 a6 8. 0-0 d6 9. Be3 Bxe3 10. fxe3 0-0 11. Qe2 d5 12. exd5 Nxd5 13. Bxd5 Qxd5 14. e4 Qd6 15. Na3 Be6 16. Nc4 Bxc4 17. dxc4 Qe6 18. Rad1 Ne7 19. Rd2 Rad8 20. Rfd1 Rxd2 21. Rxd2 Ng6 22. g3 f5 23. exf5 Qxf5 24. Ne1 e4 25. Rd4 e3 26. Nc2 Ne5 27. Rf4 Qd3 28. Rxf8+ Kxf8 29. Qxd3 Nxd3 30. Nxe3 Kf7 31. Kg2 Ke6 32. Kf3 c6 33. Ke4 Ne5 34. Nf5 Nxc4 35. Nxg7+ Kf6 36. Nh5+ Kg5 37. Nf4 b6 38. Kd4 Nd2 39. Ke5 Nf3+ 40. Kd6 Nxh2 41. Kxc6 Kg4 42. Kxb6 Kxg3 43. Nh5+ Kg4 44. b5 axb5 45. a5 Kxh5 46. a6 Kg4 47. a7 h5 48. a8Q Nf3 49. Qa1 h4 50. Kxb5 h3 51. c4 Kg3 52. Qh1 1-0

[Event "Santo Domingo Guzman Cup"]
[Site "Santo Domingo"]
[Date "2017.10.28"]
[Round "6"]
[White "Sanchez, Ramon"]
[Black "Jaquez, Juan Manuel"]
[Result "0-1"]
[WhiteElo "1894"]
[BlackElo "2186"]
[PlyCount "68"]
[EventDate "2017.10.20"]
[EventType "swiss"]
[EventRounds "8"]
[EventCountry "DOM"]
[SourceTitle "CBM 181 Extra"]
[Source "ChessBase"]
[SourceDate "2017.12.12"]
[SourceVersion "1"]
[SourceVersionDate "2017.12.12"]
[SourceQuality "1"]

1. e4 e6 2. d4 d5 3. Nd2 Nf6 4. Bd3 c5 5. dxc5 Bxc5 6. Ngf3 dxe4 7. Bb5+ Nc6 8. Ng5 Qd5 9. Bxc6+ bxc6 10. h4 Ba6 11. c4 Bxc4 12. Nxc4 Qxc4 13. Bd2 Rd8 14. Qe2 Qxe2+ 15. Kxe2 Bd4 16. Be3 e5 17. Rac1 h6 18. Nh3 Rd6 19. Rhd1 Ke7 20. Rc2 Rb8 21. b3 Rb5 22. Rc4 c5 23. Rdc1 Ke6 24. f3 exf3+ 25. gxf3 Nd5 26. Bxd4 cxd4 27. Kf2 Nc3 28. Re1 Kf6 29. Rc7 Ra6 30. f4 Rxa2+ 31. Kg3 e4 32. Rc6+ Kf5 33. Rc7 Rxb3 34. Rxf7+ Kg6 0-1

[Event "Santo Domingo Duarte Memorial 5th"]
[Site "Santo Domingo"]
[Date "2016.01.15"]
[Round "5"]
[White "Sanchez, Ramon"]
[Black "Franco Rodriguez, Andres Avelino"]
[Result "1-0"]
[WhiteElo "1949"]
[BlackElo "2100"]
[PlyCount "95"]
[EventDate "2016.01.08"]
[EventType "swiss"]
[EventRounds "8"]
[EventCountry "DOM"]
[SourceTitle "CBM 170 Extra"]
[Source "ChessBase"]
[SourceDate "2016.02.25"]
[SourceVersion "1"]
[SourceVersionDate "2016.02.25"]
[SourceQuality "1"]

1. e4 c5 2. Nf3 d6 3. Nc3 Nc6 4. d4 cxd4 5. Nxd4 g6 6. Bb5 Bd7 7. 0-0 Bg7 8. Be3 Nf6 9. f3 0-0 10. Qd2 a6 11. Nxc6 bxc6 12. Bc4 Re8 13. Rad1 Qa5 14. Bb3 Rab8 15. Kh1 c5 16. Ne2 Qc7 17. c4 a5 18. Nc3 Rb4 19. Qc2 Reb8 20. Rb1 Qb7 21. Bc1 Qa6 22. Qe2 a4 23. Bc2 Be6 24. b3 axb3 25. axb3 R4b7 26. Bd2 Ne8 27. f4 Nc7 28. f5 Bd7 29. fxg6 fxg6 30. Nd5 Nxd5 31. exd5 Qb6 32. Bg5 Re8 33. Qf2 Rf8 34. Qh4 e6 35. dxe6 Bxe6 36. Rxf8+ Bxf8 37. Qe4 Bf7 38. Rf1 Bg7 39. Qf3 Ra7 40. Be4 Qc7 41. Bd5 h6 42. Bf6 Bxf6 43. Qxf6 Qe7 44. Qxg6+ Kf8 45. Bxf7 Qxf7 46. Rxf7+ Rxf7 47. Qxd6+ Ke8 48. Kg1 1-0

[Event "NCA-ch"]
[Site "Managua"]
[Date "2011.08.21"]
[Round "3"]
[White "Sanchez, Ramon"]
[Black "Picado, Jorge Luis"]
[Result "0-1"]
[WhiteElo "2036"]
[BlackElo "2218"]
[PlyCount "100"]
[EventDate "2011.08.20"]
[EventType "swiss"]
[EventRounds "9"]
[EventCountry "NCA"]
[SourceTitle "CBM 144 Extra"]
[Source "ChessBase"]
[SourceDate "2011.10.28"]
[SourceVersion "1"]
[SourceVersionDate "2011.10.28"]
[SourceQuality "1"]

1. c4 c5 2. Nf3 Nc6 3. Nc3 d6 4. g3 g6 5. Bg2 Bg7 6. 0-0 f5 7. e4 e5 8. Nh4 f4 9. Nd5 Nd4 10. Nf3 Bg4 11. Qa4+ b5 12. cxb5 Bxf3 13. Bxf3 Nxf3+ 14. Kg2 Nd4 15. b6+ Kf7 16. Nc7 f3+ 17. Kh1 Ne7 18. Qc4+ Kf6 19. Nxa8 Qxa8 20. h4 axb6 21. d3 h6 22. Be3 b5 23. Qc1 Nec6 24. Qd1 Qc8 25. Kh2 Qg4 26. Rh1 h5 27. Qd2 Ra8 28. b3 Kf7 29. Rhc1 Bf6 30. Bg5 Bxg5 31. Qxg5 Qxg5 32. hxg5 Nb4 33. Rd1 Nbc2 34. Rac1 Rxa2 35. Rd2 Rb2 36. Kh3 Ke6 37. g4 hxg4+ 38. Kxg4 Rxb3 39. Rh1 Nb4 40. Rh6 Kf7 41. Rh7+ Ke6 42. Rh6 Rb1 43. Rxg6+ Ke7 44. Rg7+ Ke8 45. Rg6 c4 46. dxc4 bxc4 47. Rxd6 c3 48. R2xd4 exd4 49. g6 Rg1+ 50. Kf5 c2 0-1